[Event "Floripa Chess Open 2024"]
[Site "Florianopolis"]
[Date "2024.01.24"]
[Round "6.41"]
[White "Da Silva, Eduardo Batista Q"]
[Black "Tomiello, Mateus Costamilan"]
[Result "0-1"]
[WhiteElo "1905"]
[BlackElo "2151"]
[PlyCount "114"]
[EventDate "2024.01.20"]
[EventRounds "10"]
[EventCountry "BRA"]

1. d4 d5 2. c4 c6 3. cxd5 cxd5 4. Bf4 Nc6 5. e3 Nf6 6. Nc3 a6 7. Bd3 g6 8. h3
Bg7 9. Nf3 O-O 10. O-O Bf5 11. a3 ({RR} 11. Bxf5 gxf5 12. Rc1 Ne4 13. Na4 e6
14. Nc5 Qe7 15. Qb3 Nxc5 16. Rxc5 h6 17. Rfc1 Kh7 18. Qd3 Rg8 19. Kf1 Kh8 20.
g4 f6 21. gxf5 e5 22. Nh4 Bf8 23. dxe5 fxe5 24. Bg3 Qf7 25. Ng6+ Kh7 {
Yakubboev,N (2647)-Lintchevski,D (2548) Almaty KAZ 2022 1-0 (31)}) ({RR} 11.
Rc1 Bxd3 12. Qxd3 e6 13. Ne5 Nxe5 14. Bxe5 Qd7 15. Rc2 Rfc8 16. Rfc1 b5 17. Ne2
Ne4 18. Bxg7 Kxg7 19. Nf4 Nd6 20. b3 Rxc2 21. Rxc2 Rc8 22. Kf1 Rc6 23. Ke1 Qc7
24. Kd1 Ne4 25. f3 Nc3+ {Jobava,B (2578)-Yanchenko,R (2466) chess.com INT 2023
0-1 (70)}) 11... Bxd3 $146 ({RR} 11... Rc8 12. Rc1 Ne4 13. Nh4 Nxc3 14. bxc3
Bxd3 15. Qxd3 e5 16. dxe5 Qxh4 17. Qxd5 Rcd8 18. Qb3 Nxe5 19. Qxb7 Nd3 20. Rcd1
Nxf4 21. exf4 Rxd1 22. Rxd1 Qxf4 23. Rd7 Be5 24. g3 Qc1+ 25. Kg2 Qxc3 26. Qxa6
{Kanyamarala,T (2180)-Jakubowska,A (2073) chess.com INT 2020 0-1}) ({RR} 11...
Rc8 12. Rc1 Ne4 13. Nh4 Nxc3 14. bxc3 Bxd3 15. Qxd3 e5 16. dxe5 Qxh4 17. Qxd5
Rcd8 18. Qb3 Nxe5 19. Qxb7 Nd3 20. Rcd1 Nxf4 21. exf4 Rxd1 22. Rxd1 Qxf4 23.
Rd7 Be5 24. g3 Qc1+ 25. Kg2 Qxc3 26. Qxa6 {Kanyamarala,T (2180)-Jakubowska,A  
(2073) chess.com INT 2020 0-1}) 12. Qxd3 e6 13. b4 Nd7 14. Na4 b5 15. Nc5 Nxc5
16. bxc5 Qd7 17. Rfd1 Rfd8 18. Bh2 f6 19. Ne1 e5 20. Nc2 e4 21. Qe2 Na5 22.
Rab1 Nc4 23. Rb3 Ra7 24. Rdb1 f5 25. Rc3 Rc8 26. Rcb3 Bf8 27. Rc3 a5 28. Rcb3
Rb7 29. Bf4 Be7 30. Rc3 Bf6 31. Rcb3 Kh8 32. Bg3 g5 33. Rd1 Qe8 34. Bh2 Rc6 35.
Rdb1 Re6 36. Rd1 Ree7 37. g4 Rg7 38. f3 Rbe7 39. Rdb1 b4 40. axb4 a4 41. Rc3
exf3 42. Qf2 f4 43. Rxc4 dxc4 44. b5 fxe3 45. Qxf3 Rgf7 46. Qd5 e2 47. Bg3 Rd7
48. Bd6 a3 49. c6 Rxd6 50. Qxd6 Qe4 51. c7 Qxc2 52. c8=Q+ Kg7 53. Qf5 Qd1+ 54.
Kg2 a2 55. Rxd1 exd1=Q 56. Qfe6 a1=Q 57. Qxf6+ Rxf6 0-1

[Event "Floripa Chess Open 2024"]
[Site "Florianopolis"]
[Date "2024.01.24"]
[Round "6.42"]
[White "De Carvalho, Vitor Augusto Ponci"]
[Black "Mesquita, Guilherme"]
[Result "1/2-1/2"]
[WhiteElo "2124"]
[BlackElo "1975"]
[PlyCount "106"]
[EventDate "2024.01.20"]
[EventRounds "10"]
[EventCountry "BRA"]

1. e4 c5 2. b3 e6 3. Nf3 b6 4. Bb2 Bb7 5. Nc3 Nf6 6. e5 Nd5 ({RR} 6... Ne4 7.
Nxe4 Bxe4 8. Qe2 Bb7 9. h4 Nc6 10. h5 Nb4 11. d3 b5 12. a3 Nc6 13. Qd2 Rc8 14.
Rh3 Qc7 15. O-O-O Na5 16. Ng5 Be7 17. Rg3 c4 18. dxc4 bxc4 19. b4 h6 20. Nxf7
Kxf7 21. bxa5 {Giri,A (2771)-Andreikin,D (2724) Belgrade SRB 2022 1/2-1/2 (33)}
) 7. Nxd5 Bxd5 8. Bd3 Be7 ({RR} 8... Nc6 9. Qe2 g6 10. Be4 Bg7 11. h4 Bxe4 12.
Qxe4 d5 13. exd6 Bxb2 14. Qxc6+ Kf8 15. Rb1 Bf6 16. h5 g5 17. h6 Rg8 18. g4 Rg6
19. Kf1 Rc8 20. Qb7 Rb8 21. Qxa7 Qxd6 22. Re1 Qf4 23. Rh3 {Sahidi,S (2476)
-Pasti,A (2394) Pula (Sardinia) ITA 2023 1-0 (40)}) 9. Qe2 $146 ({RR} 9. h4 f5
10. h5 O-O 11. Qe2 Nc6 12. c4 Bxf3 13. Qxf3 Qc7 14. Qe2 d6 15. f4 dxe5 16. fxe5
Rad8 17. g4 Nd4 18. Bxd4 Rxd4 19. gxf5 Rxd3 20. f6 Bxf6 21. exf6 Qg3+ 22. Kd1
Rfd8 23. Rc1 Rxd2+ {Cannon,R (2145)-Maryasin,B (2339) Brezova pod Bradlom 2010
0-1 (44)}) ({RR} 9. O-O O-O 10. c4 Bb7 11. Qe2 f5 12. exf6 Bxf6 13. Bxf6 {
1-0 (13) Onischuk,V (2633)-Kashtanov,R (2376) chess.com INT 2020}) 9... Qc7 10.
h4 Qb7 11. O-O-O a6 12. Rh3 b5 13. c4 bxc4 14. bxc4 Bxf3 15. Rxf3 Nc6 16. Be4
Rb8 17. Rb3 Qc7 18. Bxc6 dxc6 19. Rxb8+ Qxb8 20. Bc3 O-O 21. h5 Qb7 22. f4 Rb8
23. Kc2 Bd8 24. Qe4 a5 25. g4 a4 26. Qh1 Qa6 27. d3 Ba5 28. Rb1 Rc8 29. Bxa5
Qxa5 30. Qxc6 Rf8 31. h6 gxh6 32. g5 h5 33. f5 Qd8 34. Rb7 Qe8 35. Qxe8 Rxe8
36. f6 h4 37. d4 cxd4 38. Kd3 Rd8 39. Rb2 h6 40. gxh6 Kh7 41. Rh2 Rg8 42. c5
Rg3+ 43. Kxd4 Rg4+ 44. Kd3 Kxh6 45. c6 Kh5 46. c7 Rg8 47. Ke3 Rc8 48. Rc2 Kg4
49. Kf2 Kf4 50. Rc5 Ke4 51. Kg2 Kd4 52. Ra5 Rxc7 53. Kh3 Rc5 $11 1/2-1/2

[Event "Floripa Chess Open 2024"]
[Site "Florianopolis"]
[Date "2024.01.24"]
[Round "6.43"]
[White "Paz, Martin"]
[Black "De Carvalho, Jose Jorge"]
[Result "0-1"]
[WhiteElo "1880"]
[BlackElo "2119"]
[PlyCount "68"]
[EventDate "2024.01.20"]
[EventRounds "10"]
[EventCountry "BRA"]

1. e4 e6 2. d4 d5 3. exd5 exd5 4. c4 Nf6 5. Nc3 Bb4 6. Bd3 O-O 7. Nge2 c5 8.
O-O Nc6 9. a3 Bxc3 10. bxc3 cxd4 11. cxd4 Bg4 12. f3 dxc4 13. Bxc4 Bf5 $146 ({
RR} 13... Be6 14. Bxe6 fxe6 15. Rb1 Rf7 16. Bg5 Qd5 17. Bxf6 gxf6 18. Kh1 Rd8
19. Qe1 Qd6 20. Qh4 Nxd4 21. Rbd1 e5 22. f4 Qe7 23. Ng3 Rdf8 24. Rfe1 Qxa3 25.
fxe5 fxe5 26. Qg5+ Rg7 27. Qxe5 Nc6 28. Qe6+ {Lundin,J (2262)-Edlund,R (2206)
Gothenburg 2005 1/2-1/2 (41)}) 14. Bg5 h6 15. Bh4 g5 16. Bg3 Nd5 17. Qd2 Re8
18. Bf2 Rc8 19. Rac1 Be6 20. Bd3 Qd7 21. h4 Bf5 22. hxg5 Bxd3 23. Qxd3 hxg5 24.
Qd2 Qf5 25. Rc5 Nce7 26. Ng3 Qf4 27. Qxf4 gxf4 28. Ne4 b6 29. Rcc1 Red8 30. Bh4
Kg7 31. Kf2 f6 32. g4 Ng6 33. Bxf6+ Nxf6 34. Ng5 Nf8 0-1

[Event "Floripa Chess Open 2024"]
[Site "Florianopolis"]
[Date "2024.01.24"]
[Round "6.44"]
[White "Silverio, Vitor Luis De Jesus"]
[Black "Calcado, Acyr Rogerio"]
[Result "1-0"]
[WhiteElo "1773"]
[BlackElo "2118"]
[PlyCount "105"]
[EventDate "2024.01.20"]
[EventRounds "10"]
[EventCountry "BRA"]

1. e4 c5 2. Nf3 e6 3. d4 cxd4 4. Nxd4 Nc6 5. Nb5 d6 6. c4 Be7 7. g3 Nf6 8. Bg2
a6 9. N5c3 Qc7 10. O-O O-O $146 ({RR} 10... Bd7 11. Na3 Ne5 12. Qe2 Rc8 13. b3
b5 14. f4 b4 15. fxe5 dxe5 16. Nab1 bxc3 17. Nxc3 Bc6 18. Bb2 Bc5+ 19. Kh1 O-O
20. Rad1 Rfd8 21. h3 Rxd1 22. Rxd1 Rd8 23. Kh2 h6 24. Bf3 Rxd1 25. Qxd1 {
Koutsogiannopoulou,T (1852)-Pavlidou,E (2186) Rio (Achaia) GRE 2018 0-1 (40)})
11. b3 b6 12. Be3 Bb7 13. a4 Ne5 14. h3 Rfe8 15. Ra2 Ned7 16. Rd2 Rac8 17. Bf4
Ne5 18. Qe2 Qb8 19. Rfd1 Bc6 20. Kh2 Qb7 21. Rc2 Nfd7 22. Nd2 b5 23. cxb5 axb5
24. Nxb5 Bxb5 25. Qxb5 Qxb5 26. Rxc8 Qe2 27. Rxe8+ Bf8 28. Rf1 Nc5 29. Kg1 Ncd3
30. Bxe5 dxe5 31. Nc4 g5 32. Nd6 Kg7 33. Nb7 Bb4 34. Rd8 Ne1 35. Rd7 Nxg2 36.
Kxg2 Qxe4+ 37. Kg1 Qf3 38. Nd8 Qxb3 39. Rxf7+ Kg6 40. Rb7 Qxa4 41. Nxe6 Kf5 42.
Ng7+ Ke4 43. g4 Bc5 44. Re1+ Kd3 45. Nf5 Qa2 46. Rd7+ Kc4 47. Rc1+ Kb5 48. Ne3
Bxe3 49. fxe3 Qe2 50. Rb7+ Ka6 51. Rb3 Qa2 52. Rcb1 Qa5 53. Rb8 1-0

[Event "Floripa Chess Open 2024"]
[Site "Florianopolis"]
[Date "2024.01.24"]
[Round "6.45"]
[White "Delgado, Lidio Dias"]
[Black "Nascimento, Pedro Henrique Alve"]
[Result "1/2-1/2"]
[WhiteElo "2110"]
[BlackElo "1946"]
[PlyCount "130"]
[EventDate "2024.01.20"]
[EventRounds "10"]
[EventCountry "BRA"]

1. d4 d5 2. Nf3 e6 3. c4 a6 4. Qc2 dxc4 5. Qxc4 b5 6. Qc2 Bb7 7. e4 Nf6 8. Bd3
Nc6 9. e5 Nb4 10. Qe2 Nxd3+ 11. Qxd3 Nd5 12. a3 c5 $146 ({RR} 12... h6 13. O-O
c5 14. Nc3 c4 15. Qe4 Be7 16. Qg4 g6 17. Ne1 h5 18. Qh3 Qb6 19. Nc2 g5 20. f4
g4 21. Qg3 O-O-O 22. f5 h4 23. Qe1 Rdg8 24. Ne4 h3 25. g3 Qc6 26. Qe2 Nc7 27.
f6 {Ray,H (1586)-Barbier,W (1970) Chennai IND 2022 0-1 (38)}) 13. O-O Be7 14.
dxc5 Bxc5 15. Bg5 Be7 16. Bxe7 Qxe7 17. Nbd2 O-O 18. Ne4 Nf4 19. Qe3 Bxe4 20.
Qxe4 Nd5 21. Rac1 Rac8 22. h4 h6 23. g3 Rc7 24. Nd4 Rfc8 25. Nb3 Rc4 26. Qf3
Qc7 27. Qe2 Rc2 28. Rxc2 Qxc2 29. Qxc2 Rxc2 30. Rb1 Re2 31. Nc5 Rxe5 32. Nxa6
Re2 33. Nc5 Rc2 34. Nd3 Rd2 35. Nc5 Rc2 36. Ne4 Kf8 37. Nd6 Nc7 38. Ne4 Ke7 39.
Nc3 e5 40. Re1 Rxb2 41. Rxe5+ Kd7 42. Rf5 f6 43. g4 Rb3 44. Ne4 Rxa3 45. g5
fxg5 46. hxg5 hxg5 47. Rxg5 b4 48. Rxg7+ Kc6 49. Nd2 Rd3 50. Nc4 Rd1+ 51. Kg2
Nb5 52. Rg3 Rc1 53. Ne5+ Kb6 54. Nd3 b3 55. Rg6+ Kb7 56. Rg4 Rc3 57. Rb4 Kb6
58. Nc1 Rxc1 59. Rxb3 Kc5 60. Rb2 Nd4 61. Rb8 Kd5 62. Ra8 Ne6 63. Ra3 Nc5 64.
Ra8 Rc2 65. Kf3 Rc3+ $11 1/2-1/2

[Event "Floripa Chess Open 2024"]
[Site "Florianopolis"]
[Date "2024.01.24"]
[Round "6.46"]
[White "Serpa, Rafael Araujo"]
[Black "Cantarino Neto, Mario Ribeiro"]
[Result "1-0"]
[WhiteElo "2101"]
[BlackElo "1944"]
[PlyCount "69"]
[EventDate "2024.01.20"]
[EventRounds "10"]
[EventCountry "BRA"]

1. e4 e5 2. Nf3 Nc6 3. Bb5 a6 4. Ba4 Nf6 5. d3 b5 6. Bb3 Be7 7. a4 b4 8. a5 ({
RR} 8. Nbd2 O-O 9. Nc4 d6 10. h3 Be6 11. O-O Nd7 12. Be3 Bf6 13. c3 bxc3 14.
bxc3 Rb8 15. Rb1 d5 16. Ncd2 Nb6 17. Re1 Re8 18. Qc2 Qd7 19. Bc5 Na5 20. Ba2
Qxa4 21. Qxa4 Nxa4 22. exd5 Rxb1 {Ivanchuk,V (2786)-Aronian,L (2757) Dresden
2008 1/2-1/2 (68)}) 8... O-O 9. Nbd2 d5 ({RR} 9... d6 10. Nc4 Be6 11. O-O h6
12. h3 Nd7 13. c3 Nc5 14. Ba4 Nxa4 15. Qxa4 Qd7 16. cxb4 Rab8 17. Bd2 f5 18.
exf5 Bxf5 19. Qa3 Bxh3 20. d4 Bxg2 21. Kxg2 Qg4+ 22. Kh1 Rxf3 23. Nxe5 dxe5 24.
Qa2+ {Rodriguez Dominguez,M (2011)-Sanchez Alvares,K (2236) chess.com INT 2023
0-1}) 10. exd5 $146 ({RR} 10. h3 Bb7 11. O-O Nd4 12. Nxd4 exd4 13. exd5 Nxd5
14. Nc4 Bd6 15. Nxd6 Qxd6 16. Qg4 c5 {1/2-1/2 (16) Hadraba,V (2246)-Huttner,M 
(1990) Harrachov 2009}) 10... Nxd5 11. O-O Be6 12. Re1 Nf4 13. Bxe6 fxe6 14.
Nc4 Qe8 15. Ncxe5 Nxe5 16. Nxe5 Bd6 17. Qg4 Nd5 18. Nc4 Bc5 19. d4 Qf7 20. Qxe6
Bxd4 21. Qxf7+ Rxf7 22. Be3 Nxe3 23. fxe3 Bc5 24. Rad1 Raf8 25. Rf1 Re8 26.
Rxf7 Kxf7 27. Rd7+ Re7 28. Rxe7+ Bxe7 29. Kf2 Ke6 30. Ke2 Kd5 31. Kd3 Kc6 32.
Ke4 Kb5 33. b3 Kc6 34. Ke5 Kd7 35. Kd5 1-0

[Event "Floripa Chess Open 2024"]
[Site "Florianopolis"]
[Date "2024.01.24"]
[Round "6.47"]
[White "Reis, Virginia Lagrange M"]
[Black "Lage, Pedro Ferreira"]
[Result "0-1"]
[WhiteElo "1676"]
[BlackElo "2100"]
[PlyCount "28"]
[EventDate "2024.01.20"]
[EventRounds "10"]
[EventCountry "BRA"]

1. e4 e6 2. d4 d5 3. e5 c5 4. c3 Nc6 5. f4 Qb6 6. Nf3 Bd7 7. Be2 cxd4 8. cxd4
Nh6 9. b3 Nf5 10. Bb2 Rc8 $146 ({RR} 10... Bb4+ 11. Kf2 O-O 12. a3 Be7 13. b4
Rac8 14. Qd2 a5 15. b5 Na7 16. a4 Bb4 17. Nc3 Rc7 18. Rac1 Nc8 19. Qd3 Nce7 20.
g4 Nh6 21. Ng5 Ng6 22. h4 Be7 23. h5 Bxg5 24. fxg5 Nxe5 25. Qd2 {Truong,Q-Phan,
A Dong Thap 1999 0-1}) ({RR} 10... Ne3 11. Qd2 Bb4 12. Nc3 Nxd4 13. Nxd4 Qxd4
14. Qxd4 Nc2+ 15. Kd1 Nxd4 {0-1 (15) Hoyos Campuzano,E (1670)-Schneider Zinner,
W (2065) Manizales 2008}) 11. Kf2 Ncxd4 12. Nxd4 Bc5 13. Nd2 Bxd4+ 14. Bxd4
Qxd4+ 0-1

[Event "Floripa Chess Open 2024"]
[Site "Florianopolis"]
[Date "2024.01.24"]
[Round "6.48"]
[White "Almeida Junior, Alvaro Alves De"]
[Black "Marques, Eudes Pinto"]
[Result "1-0"]
[WhiteElo "2099"]
[BlackElo "1863"]
[PlyCount "61"]
[EventDate "2024.01.20"]
[EventRounds "10"]
[EventCountry "BRA"]

1. e4 c5 2. Nf3 e6 3. d4 cxd4 4. Nxd4 Bc5 5. Nb3 Be7 6. Nc3 a6 ({RR} 6... d6 7.
Be3 Nf6 8. g4 a6 9. g5 Nfd7 10. h4 b5 11. Qd2 Bb7 12. a3 Nc6 13. O-O-O Rc8 14.
f4 b4 15. axb4 O-O 16. f5 exf5 17. exf5 Nxb4 18. Bg2 Bxg2 19. Qxg2 Re8 20. Bd4
Nc6 21. Bxg7 {Inarkiev,E (2709)-Vitiugov,N (2726) Doha 2016 1-0 (45)}) ({RR} 
6... Nc6 7. Bd3 Nf6 8. O-O O-O 9. f4 d6 10. Kh1 a6 11. a4 b6 12. Qe2 Bb7 13.
Be3 Nb4 14. a5 b5 15. Bb6 Qc8 16. Nd4 Nd7 17. Nb3 Nxb6 18. axb6 Qc6 19. Qf2 Bd8
20. Na5 Qc8 21. Qd4 {Samarth,J (1616)-Tatarinov,D (2332) chess.com INT 2023
0-1 (37)}) 7. Be3 Nc6 8. Be2 $146 ({RR} 8. f4 b5 9. Bd3 Bb7 10. Qf3 Nb4 11.
O-O-O Rc8 12. Kb1 Qc7 13. Rd2 f5 14. Qe2 fxe4 15. Bxe4 Bxe4 16. Nxe4 Nf6 17.
Nxf6+ Bxf6 18. Bc5 Nc6 19. Bd6 Qd8 20. f5 Ne7 21. fxe6 O-O 22. Bxe7 Bxe7 {
Ipekci,B (1742)-Duru,A (1597) Konya TUR 2018 1-0 (50)}) 8... Nf6 9. O-O O-O 10.
f4 d5 11. exd5 exd5 12. Bf3 Bf5 13. g4 Be4 14. g5 Bxf3 15. Qxf3 Ne4 16. Nxe4
dxe4 17. Qxe4 Re8 18. Rad1 Qc7 19. Qf3 Rad8 20. c3 f5 21. Rd5 Bf8 22. Rfd1 Re4
23. Rxf5 Rde8 24. Bf2 g6 25. Rf6 Bg7 26. Nc5 R4e7 27. Rfd6 Rf7 28. Qd5 Bf8 29.
Rf6 Nd8 30. Ne4 Be7 31. Bb6 1-0

[Event "Floripa Chess Open 2024"]
[Site "Florianopolis"]
[Date "2024.01.24"]
[Round "6.49"]
[White "Silva, Caio Henrique Angel"]
[Black "Samaniego, Diego Pinheiro"]
[Result "1/2-1/2"]
[WhiteElo "2074"]
[BlackElo "1806"]
[PlyCount "47"]
[EventDate "2024.01.20"]
[EventRounds "10"]
[EventCountry "BRA"]

1. d4 Nf6 2. c4 g6 3. Nf3 Bg7 4. e3 O-O 5. Be2 d5 6. cxd5 Nxd5 7. e4 Nb6 8. O-O
Nc6 9. Be3 Bg4 10. Nbd2 e6 11. h3 Bxf3 12. Nxf3 h6 $146 ({RR} 12... Qd7 13. a4
a5 14. Bb5 Qd6 15. Rc1 Nb4 16. Qb3 c6 17. Be2 Nd7 18. Rfd1 Rfc8 19. Bd2 Bf8 20.
Ng5 Nb6 21. Be3 h6 22. Nf3 Bg7 23. Ne5 Nd7 24. Nc4 Qc7 25. g3 g5 26. Bf3 Nf6
27. Bg2 {Foisor,S (2272)-Yip,C (2234) Saint Louis 2017 1-0 (64)}) ({RR} 12...
Qd6 13. Qd2 Rfd8 14. Rfd1 a5 15. Rac1 Qb4 16. a3 Qxd2 17. Rxd2 f5 18. d5 exd5
19. Bxb6 cxb6 20. exd5 Bh6 21. dxc6 Bxd2 22. Nxd2 Rxd2 23. cxb7 Rb8 24. Rc8+
Rd8 25. Bc4+ Kg7 26. Rc7+ Kh6 27. Ba6 {Schitco,I (2462)-Nicora,C (2102) Arad
ROU 2019 1-0 (37)}) 13. Qb3 Qe7 14. Rfe1 Qb4 15. Qxb4 Nxb4 16. Rac1 Rac8 17. a3
Nc6 18. b4 Rfd8 19. Ba6 Nxb4 20. Bxb7 Nd3 21. Bxc8 Nxe1 22. Ba6 Nxf3+ 23. gxf3
Bxd4 24. Bxd4 $11 1/2-1/2

[Event "Floripa Chess Open 2024"]
[Site "Florianopolis"]
[Date "2024.01.24"]
[Round "6.51"]
[White "Soares, Rafael Tuma"]
[Black "Silva, Guilherme Henrique"]
[Result "0-1"]
[WhiteElo "1540"]
[BlackElo "2068"]
[PlyCount "50"]
[EventDate "2024.01.20"]
[EventRounds "10"]
[EventCountry "BRA"]

1. e4 c5 2. Nf3 d6 3. d4 cxd4 4. Nxd4 Nf6 5. Nc3 a6 6. Bg5 Nbd7 7. f4 Qc7 8.
Qf3 h6 9. Bh4 g5 10. Bg3 ({RR} 10. fxg5 hxg5 11. Bxg5 Qc5 12. Be3 Ne5 13. Qe2
Nfg4 14. Bg1 Bh6 15. Nd5 Qa5+ 16. c3 e6 17. Nb3 Qd8 18. Bb6 exd5 19. Bxd8 Kxd8
20. Nd4 Re8 21. h3 Nf6 22. Qc2 Nxe4 23. Be2 Be3 24. Qb3 Kc7 {Zvara,P (2419)
-Dydyshko,V (2585) Czechia 2009 1-0 (42)}) 10... gxf4 11. Bf2 ({RR} 11. Bxf4 e5
12. O-O-O exd4 13. Rxd4 Ne5 14. Bxe5 dxe5 15. Qxf6 exd4 16. Nd5 Qd6 17. Qxh8
Be6 18. Qf6 Bxd5 19. Qxd6 Bxd6 20. exd5 Bf4+ 21. Kd1 O-O-O 22. Bc4 b5 23. Bb3
Be3 24. Rf1 Rd7 25. Rf6 Kb7 {Karttunen,M (2489)-Kang,D (2019) chess.com INT
2022 1/2-1/2 (56)}) 11... e5 12. Nf5 $146 ({RR} 12. Nb3 b5 13. O-O-O Nb6 14. h3
Bb7 15. Bd3 b4 16. Nb1 Be7 17. g3 d5 18. Rhe1 dxe4 19. Bxe4 Nxe4 20. Rxe4 Rc8
21. c3 Nc4 22. Rxc4 Bxf3 23. Rxc7 Rxc7 24. Re1 fxg3 25. Bxg3 f6 26. N1d2 Bd5 {
Kustal,E (1677)-Suliborski,J (1970) Polanica Zdroj 2011 0-1 (33)}) 12... Nc5
13. Bh4 Nfxe4 14. Nxe4 Nxe4 15. Qxe4 d5 16. Qxd5 Bxf5 17. Bf6 Bb4+ 18. c3 Bxc3+
19. bxc3 Qxc3+ 20. Ke2 Bg4+ 21. Qf3 Bxf3+ 22. gxf3 Qxa1 23. Bxh8 Rc8 24. Kf2
Rc2+ 25. Kg1 Qd4# 0-1

[Event "Floripa Chess Open 2024"]
[Site "Florianopolis"]
[Date "2024.01.24"]
[Round "6.52"]
[White "Araujo, Renan Aparecido"]
[Black "Branco, Joao Pedro Belaglov"]
[Result "0-1"]
[WhiteElo "2062"]
[BlackElo "1778"]
[PlyCount "78"]
[EventDate "2024.01.20"]
[EventRounds "10"]
[EventCountry "BRA"]

1. d4 Nf6 2. Nf3 e6 3. e3 c5 4. Bd3 Nc6 5. a3 d5 6. b3 cxd4 7. exd4 Bd6 8. Bb2
O-O 9. O-O Re8 ({RR} 9... b6 10. Ne5 Ne7 11. Nd2 Bb7 12. Qe2 Ng6 13. f4 Rc8 14.
Rae1 Qc7 15. Qf3 Ne4 16. Qe2 Nc3 17. Qh5 Ne4 18. Bc1 Qc3 19. Ndf3 Rc7 20. Be3
Rfc8 21. Bxe4 dxe4 22. Ng5 h6 23. Nxe6 fxe6 24. Qxg6 {Stefanova,A (2489)
-Zhukova,N (2459) Khanty-Mansiysk 2014 1-0 (38)}) 10. Ne5 Qc7 11. Qe2 Nd7 $146
({RR} 11... Bxe5 12. dxe5 Nd7 13. f4 Qb6+ 14. Kh1 Nc5 15. Nd2 Nxd3 16. Qxd3 Bd7
17. c4 Ne7 18. Rf3 Bc6 19. Rh3 Nf5 20. cxd5 Bxd5 21. Rf1 Red8 22. Qc2 Rac8 23.
Nc4 Qa6 24. Rc3 Bxc4 25. Rc1 Nd4 26. Qe4 {Kublanow,C (1510)-Ehmann,J (1627)
Magdeburg 2015 0-1 (37)}) 12. Bxh7+ Kf8 13. f4 g6 14. Bxg6 fxg6 15. Nxg6+ Kg7
16. Ne5 Nf6 17. Qd3 Kf8 18. Rf3 Ke7 19. c4 b6 20. Nc3 Nxd4 21. Nxd5+ exd5 22.
Bxd4 Bc5 23. Re1 Kd8 24. b4 Bxd4+ 25. Qxd4 Bb7 26. Rc3 Rc8 27. Ree3 Qh7 28. h3
Rc7 29. cxd5 Nxd5 30. Rxc7 Kxc7 31. Qc4+ Kb8 32. Rd3 Rc8 33. Qd4 Qf5 34. Rf3
Ka8 35. Nd3 Nf6 36. Rg3 Ne4 37. Rg7 Nf6 38. g4 Qe6 39. Ne5 Qa2 0-1

[Event "Floripa Chess Open 2024"]
[Site "Florianopolis"]
[Date "2024.01.24"]
[Round "6.53"]
[White "Dias, Anderson Tatsch"]
[Black "Pereira, Arthur Macedo"]
[Result "1-0"]
[WhiteElo "2058"]
[BlackElo "1764"]
[PlyCount "71"]
[EventDate "2024.01.20"]
[EventRounds "10"]
[EventCountry "BRA"]

1. d4 Nf6 2. c4 e6 3. g3 d5 4. Nf3 Bb4+ 5. Bd2 Be7 6. Bg2 O-O 7. Qb3 c6 ({RR} 
7... c5 8. cxd5 exd5 9. dxc5 Na6 10. Be3 Nxc5 11. Bxc5 Bxc5 12. O-O Be6 13.
Nbd2 Bb6 14. Qd3 Qd7 15. Nd4 Bh3 16. e3 Bxg2 17. Kxg2 Rac8 18. Rac1 g6 19. N2f3
Qe7 20. Ne2 Rc6 21. Nfd4 Rxc1 22. Rxc1 {Kaidanov,G (2624)-Ivanov,A (2567)
Seattle 2000 1/2-1/2 (101)}) ({RR} 7... a5 8. O-O c6 9. a4 Na6 10. Bf4 Nb4 11.
Nc3 b6 12. Ne5 Ba6 13. Rfd1 Nh5 14. Be3 Rc8 15. cxd5 exd5 16. Rd2 Nf6 17. Bf4
Nd7 18. Bh3 Nxe5 19. Bxe5 Ra8 20. Bg2 Bd6 21. Bxd6 Qxd6 22. e4 {Miton,K (2568)
-Kozak,A (2442) chess.com INT 2024 1/2-1/2 (70)}) 8. Bb4 Nbd7 9. Bxe7 $146 ({RR
} 9. O-O a5 10. Bxe7 Qxe7 11. Qa3 Qb4 12. Rc1 b6 13. Qxb4 axb4 14. cxd5 cxd5
15. Nbd2 Ba6 16. Bf1 Rfc8 17. Ne1 Rxc1 18. Rxc1 Bb5 19. Ra1 Rc8 20. e3 Bxf1 21.
Kxf1 e5 22. Ke2 exd4 23. exd4 Nb8 {Li Bo (2361)-Liu Guanchu (2433) Shenzhen
CHN 2018 1/2-1/2 (67)}) 9... Qxe7 10. O-O b6 11. Nc3 Bb7 12. cxd5 cxd5 13. Rfc1
Rfc8 14. e3 a6 15. Ne2 Ne4 16. Nf4 Rab8 17. Nd3 Qf6 18. Qd1 Qd8 19. Nfe5 Nxe5
20. Nxe5 f6 21. Nd3 Nd6 22. Bh3 f5 23. Nf4 Qe7 24. Bf1 g6 25. Rxc8+ Rxc8 26.
Rc1 Rxc1 27. Qxc1 g5 28. Nd3 Nf7 29. Qc3 Kg7 30. b4 Qd6 31. a4 Bc6 32. a5 Bb5
33. axb6 Qxb6 34. Nc5 Bxf1 35. Kxf1 Kf6 36. Nd7+ 1-0

[Event "Floripa Chess Open 2024"]
[Site "Florianopolis"]
[Date "2024.01.24"]
[Round "6.54"]
[White "Marra, Eduardo Da Costa"]
[Black "Felix, Joao Eduardo Orland"]
[Result "1-0"]
[WhiteElo "2189"]
[BlackElo "1703"]
[PlyCount "53"]
[EventDate "2024.01.20"]
[EventRounds "10"]
[EventCountry "BRA"]

1. e4 c5 2. Nf3 e6 3. d4 cxd4 4. Nxd4 Nc6 5. Nc3 Qc7 6. Be3 a6 7. Qf3 Nf6 8.
O-O-O d6 9. Nxc6 bxc6 10. Bc4 ({RR} 10. g4 h6 11. h4 e5 12. Rg1 Be6 13. g5 hxg5
14. hxg5 Nd7 15. Nd5 cxd5 16. exd5 Rc8 17. c3 Qb7 18. Bg2 Rb8 19. Rd2 Nc5 20.
Bxc5 Bd7 21. Ba3 Be7 22. g6 Bg5 23. Qxf7+ Kd8 24. Qxg7 Bxd2+ {Petrovic,A (2237)
-Yeritsyan,H (2231) chess.com INT 2022 1-0 (37)}) 10... e5 11. h3 Be6 12. Bb3
$146 ({RR} 12. Qe2 Bxc4 13. Qxc4 Be7 14. g4 Qb7 15. f4 O-O 16. g5 Nh5 17. f5
Rfc8 18. f6 Bf8 19. Qd3 g6 20. Rh2 Rd8 21. Kb1 a5 22. Ka1 a4 23. Bc1 Ra5 24.
Qf3 Qc8 25. h4 Qe6 26. Rhd2 Nf4 {Mareco,S (2664)-Alonso,S (2502) Montevideo
URU 2019 1-0 (45)}) ({RR} 12. Qe2 Bxc4 13. Qxc4 Be7 14. g4 Qb7 15. f4 O-O 16.
g5 Nh5 17. f5 Rfc8 18. f6 Bf8 19. Qd3 g6 20. Rh2 Rd8 21. Kb1 a5 22. Ka1 a4 23.
Bc1 Ra5 24. Qf3 Qc8 25. h4 Qe6 26. Rhd2 Nf4 {Mareco,S (2664)-Alonso,S (2502)
Montevideo URU 2019 1-0 (45)}) 12... Be7 13. g4 h6 14. Bxe6 fxe6 15. h4 d5 16.
exd5 exd5 17. g5 Nd7 18. Qh5+ Kd8 19. Qf7 Re8 20. Nxd5 cxd5 21. Rxd5 Rc8 22. c3
Ba3 23. Bb6 Bxb2+ 24. Kc2 Re7 25. Qf8+ Re8 26. Qd6 Re7 27. Kxb2 1-0

[Event "Floripa Chess Open 2024"]
[Site "Florianopolis"]
[Date "2024.01.24"]
[Round "6.56"]
[White "Gauche, Charles"]
[Black "Medeiros, Thauane Ferreira"]
[Result "1-0"]
[WhiteElo "2182"]
[BlackElo "1842"]
[PlyCount "58"]
[EventDate "2024.01.20"]
[EventRounds "10"]
[EventCountry "BRA"]

1. e4 e5 2. Nf3 Nc6 3. Bc4 Nf6 4. d3 Bc5 5. O-O a6 6. c3 d6 7. d4 exd4 ({RR} 
7... Ba7 8. dxe5 Nxe5 9. Nxe5 dxe5 10. Qf3 O-O 11. Na3 b5 12. Bb3 Bg4 13. Qg3
Be2 14. Bh6 Nh5 15. Qxe5 gxh6 16. Bd5 c6 17. Bxc6 Rc8 18. Bd5 Bb8 19. Qf5 Ng7
20. Qh3 Bxf1 21. Rxf1 Qd6 22. Nc2 {Cicak,S (2543)-Lobzhanidze,D (2493)
Wiesbaden 2000 0-1}) ({RR} 7... Ba7 8. dxe5 Nxe5 9. Nxe5 dxe5 10. Qf3 Qd7 11.
Be3 Bxe3 12. Qxe3 Qc6 13. Nd2 O-O 14. Bd3 Be6 15. Nf3 Nd7 16. Ng5 Rfe8 17. Rfd1
Nc5 18. Nxe6 Nxe6 19. Bc2 Rad8 20. Bb3 Rxd1+ 21. Rxd1 Rd8 22. Rd5 {
Mosadeghpour,M (2473)-Khatibi,M (2127) Kermanshah IRI 2024 1-0 (35)}) 8. cxd4
Bb6 9. h3 O-O 10. d5 $146 ({RR} 10. Nc3 h6 11. Bb3 Re8 12. Bc2 Nb4 13. Bb1 c5
14. d5 a5 15. Bf4 Bc7 16. Re1 Ra6 17. a3 g5 18. Bg3 Nh5 19. axb4 axb4 20. Rxa6
bxa6 21. Ne2 f5 22. exf5 Qf6 23. Nh2 Qxb2 24. Ng4 Qg7 {Bodnaruk,A (2411)
-Meinhardt,M (2370) chess.com INT 2020 1-0}) ({RR} 10. Nc3 h6 11. Bb3 Re8 12.
Bc2 Nb4 13. Bb1 c5 14. d5 a5 15. Bf4 Bc7 16. Re1 Ra6 17. a3 g5 18. Bg3 Nh5 19.
axb4 axb4 20. Rxa6 bxa6 21. Ne2 f5 22. exf5 Qf6 23. Nh2 Qxb2 24. Ng4 Qg7 {
Bodnaruk,A (2411)-Meinhardt,M (2370) chess.com INT 2020 1-0}) 10... Ne7 11. Nc3
Ng6 12. Re1 Nd7 13. Be3 Bxe3 14. Rxe3 Nde5 15. Nxe5 Nxe5 16. Bf1 Qf6 17. Rc1 c6
18. dxc6 bxc6 19. Ne2 Be6 20. b3 Rfe8 21. Qd2 Bd7 22. f4 Ng6 23. Rd3 Rxe4 24.
Rxd6 Be6 25. f5 Qxf5 26. Ng3 Qf4 27. Nxe4 Qxe4 28. Bd3 Qh4 29. Bxg6 hxg6 1-0